25 Propheten im Islam - Statistiken

Allgemein
  • Dieses Quiz wurde 720 mal gespielt
  • Das Durchschnittsergebnis liegt bei 13 aus 25
Antwortstatistiken
25 Prophets % Korrekt
Muhammed
94%
Isa
92%
Adam
87%
Musa
82%
Ibrahim
80%
Nuh
77%
Yusuf
70%
Ismael
60%
Yunus
59%
Lut
55%
Idris
53%
Yaqub
53%
Ishaq
51%
Dawud
49%
Suleyman
47%
Harun
40%
Hud
40%
Yahya
37%
Salih
34%
Ilyas
32%
Ayyub
28%
Zakaria
28%
Dhulkifl
21%
Shuaib
19%
Alyasa
15%
Keine übereinstimmenden Quizze gefunden
Verteilung der Resultate
Anzahl Personen mit jedem Resultat
Perzentil nach korrekt beantworteten Fragen
Ihre Resultats-Entwicklung
Sie haben dieses Quiz noch nicht gespielt